000 00842nam a2200265Ia 4500
008 191130s1999##################000#0#eng##
020 _a9780521646161
022 _a98050663
040 _aACL
_cACL
082 _a321.8 PRZ
245 _aDemocracy, accountability, and representation
_cedited by Adam Przeworski, Susan C. Stokes, Bernard Manin
260 _aCambridge
_bCambridge University Press
_c1999
300 _aix, 351 p. : ill. ; 24 cm
500 _aIncludes bibliographical references and indexes
650 _aDemocracy
650 _aElections
650 _aRepresentative government and representation
650 _aResponsibility
700 _aManin, Bernard
700 _aPrzeworski, Adam
700 _aStokes, Susan Carol
990 _a4339a4c9ac10000c2636ddceac4f9551
991 _a160565
999 _c146875
_d146875